1897 1489 1663 1369 1720 1893 1850 1036 1663 1277 1781 1846 1403 1059 1115 1488 1215 1296 1831 1143 1165 1161 1799 1994 1663 1475 1180 1360 1768 1578 1605 1895 1042 1699 1856 1425 1877 1035 1784 1136 1300 1890 1933 1063 1670 1583 1707 1094 1668 1623 1634 1543 1634 1186 1609 1864 1934 1389 1003 1567 1093 1948 1627 1550 1834 1817 1220 1979 1940 1270 1488 1457 1888 1288 1299 1563 1004 1193 1552 1926 1917 1854 1103 1991 1999 1591 1395 1908 1895 1173 1050 1588 1246 1687 1525 1184 1354 1578 1871 BCNSPRNW ULIB Ver.6.0+V

เปลี่ยนเป็นภาษาไทย

Change to English
 แสดงรายละเอียดบรรณานุกรม
  กลับหน้าหลัก

Brief Record : Get Marc (ISO 2709) : E-mail record : QR code < ปิดหน้าต่าง
LEADER : 00000nam 2200000uu 4500
001    13399122051
003     ULIB
008    121221s2555||||th 000 0 tha d
020    ^a9786161111427
060  4 ^aWY159^bว654ก
100 0  ^aวิภารัตน์ สุวรรณไวพัฒนะ
245 10 ^aการพยาบาลเด็กป่วยโรคเรื้อรังโดยใช้ครอบครัวเป็นศูนย์กลาง =^bFamily-centered care of children with chronic illness /^cวิภารัตน์ สุวรรณไวพัฒนะ
246 31 ^aFamily-centered care of children with chronic illness
250    ^aพิมพ์ครั้งที่ 1
260    ^aนนทบุรี :^bโครงการสวัสดิการวิชาการ สถาบันพระบรมราชชนกกระทรวงสาธารณสุข,^c2555
300    ^a95 หน้า :^bภาพประกอบ
650  7 ^aเด็ก^xการดูแล
650  7 ^aการพยาบาลกุมาเวชศาสตร์
710 2  ^aสถาบันพระบรมราชชนก.^bโครงการสวัสดิการวิชาการ
945    ^p230^l0^i033281
945    ^p230^l0^i033282
945    ^p230^l0^i033283
945    ^p230^l0^i033284
945    ^p230^l0^i033285
945    ^p230^l0^i033286
995    ^a เกษร
999    ^aใช้งานได้ทุกระบบ
รายการนี้ยังไม่มีแท็ก
คุณยังไม่ได้ล็อกอิน คุณสามารถมีกิจกรรมร่วมกับเว็บไซต์ได้ แต่ต้องล็อกอินก่อน ::
  ล็อกอิน

รายการสื่อสารสนเทศ

ลำดับที่ ประเภท เลขเรียก/บาร์โค้ด สถานที่ สถานะ
1. Book การพยาบาล
หนังสือสำรอง
สถานะ=หนังสือสำรอง
WY159 ว654ก ฉ.1 
  Barcode: 033281
ห้องสมุดวิทยาเขตสวรรค์ประชารักษ์
►ส่วนจัดเก็บหนังสือเก่า สปร
บนชั้น
  ขอยืม
2. Book การพยาบาล
Book การพยาบาล
WY159 ว654ก ฉ.2 
  Barcode: 033282
ห้องสมุดวิทยาเขตสวรรค์ประชารักษ์
►ส่วนจัดเก็บหนังสือเก่า สปร
บนชั้น
  ขอยืม
3. Book การพยาบาล
Book การพยาบาล
WY159 ว654ก ฉ.3 
  Barcode: 033283
ห้องสมุดวิทยาเขตสวรรค์ประชารักษ์
►ส่วนจัดเก็บหนังสือเก่า สปร
บนชั้น
  ขอยืม
4. Book การพยาบาล
Book การพยาบาล
WY159 ว654ก ฉ.4 
  Barcode: 033284
ห้องสมุดวิทยาเขตสวรรค์ประชารักษ์
►ส่วนจัดเก็บหนังสือเก่า สปร
บนชั้น
  ขอยืม
5. Book การพยาบาล
Book การพยาบาล
WY159 ว654ก ฉ.5 
  Barcode: 033285
ห้องสมุดวิทยาเขตสวรรค์ประชารักษ์
►ส่วนจัดเก็บหนังสือเก่า สปร
บนชั้น
  ขอยืม
6. Book การพยาบาล
Book การพยาบาล
WY159 ว654ก ฉ.6 
  Barcode: 033286
ห้องสมุดวิทยาเขตสวรรค์ประชารักษ์
►ส่วนจัดเก็บหนังสือเก่า สปร
บนชั้น
  ขอยืม

รายการใกล้เคียง
    ผู้แต่ง [วิภารัตน์ สุวรรณไวพัฒนะ]

    หัวเรื่อง [เด็ก การดูแล]
    หัวเรื่อง [การพยาบาลกุมาเวชศาสตร์]

BibComment


ยังไม่เคยถูกคอมเมนท์

คอมเมนท์ทรัพยากรรายการนี้
  คอมเมนท์: การพยาบาลเด็กป่ว..


 Copyright 2026. Bcnsprnw @Library